பௌத்தம்: ஒரு மெய்யியல் பார்வை/
Saved in:
| Main Author: | |
|---|---|
| Format: | Book |
| Language: | English Tamil |
| Published: |
கொழும்பு:
குமரன் புத்தக இல்லம்,
2021.
|
| Subjects: | |
| Tags: |
Add Tag
No Tags, Be the first to tag this record!
|
MARC
| LEADER | 00000nam a22000007a 4500 | ||
|---|---|---|---|
| 005 | 20260409124146.0 | ||
| 008 | 260409b |||||||| |||| 00| 0 eng d | ||
| 020 | |a 9789556597349 | ||
| 041 | |a tam | ||
| 082 | |a 294.309 |b ஜெகநா | ||
| 100 | |a ஜெகநாதன்,சோ |9 117083 | ||
| 245 | |a பௌத்தம்: |b ஒரு மெய்யியல் பார்வை/ |c சோ.ஜெயநாதன் | ||
| 260 | |a கொழும்பு: |b குமரன் புத்தக இல்லம், |c 2021. | ||
| 300 | |a xiv;149பக் |c 21.5cm | ||
| 500 | |a Purchase | ||
| 650 | |a பௌத்த தத்துவம் |9 117084 | ||
| 942 | |c REF | ||
| 999 | |c 71166 |d 71166 | ||